000 00664nam a2200193Ia 4500
005 20250507130147.0
008 008 250505s9999 xx 000 0 eng d
037 _aDIS
040 _aEASL
_beng
_cEASL
041 _aeng
_2eng
084 _a0000139, MIS
_qEASL
100 _aMishra Sudhir Kumar
_9535781
245 0 _aTriangle at work: Politics-bureaucracy-business in Japan during one-party dominance, 1955-93 Professor Brij Mohan Tankha
260 _aIndia
_bUnivesity of Delhi. Social Sciences. East Asian Studies (Delhi India)
_c2002
300 _aviii,275p.
650 _aDiss
942 _cDIS
_h0000139, MIS
999 _c1318030
_d1318030